| 000 | 00714cam a22002653a 4500 | ||
|---|---|---|---|
| 001 | 10284 | ||
| 003 | PGUSA | ||
| 005 | 20140828083222.0 | ||
| 008 | 031101s2003||||xxu|||||s|||||000 | eng d | ||
| 040 |
_aPGUSA _beng |
||
| 042 | _adc | ||
| 050 | 4 | _aM | |
| 245 | 1 | 0 |
_aSpring of Love _h[electronic resource] |
| 260 |
_bProject Gutenberg, _c2003 |
||
| 500 | _aJaudas on violin, Atz on flute. | ||
| 506 | _aPublic domain in the USA. | ||
| 516 | _aElectronic text | ||
| 653 | _aTrios (Piano, flute, violin) | ||
| 700 | 1 |
_aEhrlich, Sam, _d1872-1927 |
|
| 700 | 1 | _aAtz, Louis | |
| 700 | 1 | _aJaudas, Eugene | |
| 830 | 0 |
_aProject Gutenberg _v10284 |
|
| 856 | 4 | 0 | _uhttp://www.gutenberg.org/ebooks/10284 |
| 942 | _cEB | ||
| 999 |
_c239539 _d239539 |
||